<?xml version="1.0" encoding="UTF-8"?><?xml-stylesheet type="text/xsl" href="static/style.xsl"?><OAI-PMH xmlns="http://www.openarchives.org/OAI/2.0/" xmlns:xsi="http://www.w3.org/2001/XMLSchema-instance" xsi:schemaLocation="http://www.openarchives.org/OAI/2.0/ http://www.openarchives.org/OAI/2.0/OAI-PMH.xsd"><responseDate>2026-04-29T01:00:01Z</responseDate><request verb="GetRecord" identifier="oai:repisalud.isciii.es:20.500.12105/17246" metadataPrefix="marc">https://repisalud.isciii.es/rest/oai/request</request><GetRecord><record><header><identifier>oai:repisalud.isciii.es:20.500.12105/17246</identifier><datestamp>2025-05-05T09:14:03Z</datestamp><setSpec>com_20.500.12105_2052</setSpec><setSpec>com_20.500.12105_2051</setSpec><setSpec>col_20.500.12105_19608</setSpec></header><metadata><record xmlns="http://www.loc.gov/MARC21/slim" xmlns:dcterms="http://purl.org/dc/terms/" xmlns:doc="http://www.lyncode.com/xoai" xmlns:xsi="http://www.w3.org/2001/XMLSchema-instance" xsi:schemaLocation="http://www.loc.gov/MARC21/slim http://www.loc.gov/standards/marcxml/schema/MARC21slim.xsd">
   <leader>00925njm 22002777a 4500</leader>
   <datafield ind2=" " ind1=" " tag="042">
      <subfield code="a">dc</subfield>
   </datafield>
   <datafield ind2=" " ind1=" " tag="720">
      <subfield code="a">Martínez-Portillo, Alejandro</subfield>
      <subfield code="e">author</subfield>
   </datafield>
   <datafield ind2=" " ind1=" " tag="720">
      <subfield code="a">Gomez-Barroso, Diana</subfield>
      <subfield code="e">author</subfield>
   </datafield>
   <datafield ind2=" " ind1=" " tag="260">
      <subfield code="c">2023</subfield>
   </datafield>
   <datafield ind2=" " ind1=" " tag="520">
      <subfield code="a">[ES] Actualmente, el paludismo o malaria no circula de forma activa en muchos países de renta alta, y la mayoría de los casos que se producen en el mundo se localizan en el continente africano. España fue un territorio habitual para el paludismo hasta 1964, fecha en que se confirmó su erradicación en nuestro país. El objetivo de este estudio es investigar, desde una perspectiva geográfica e integradora, el paludismo en España a lo largo de los siglos XVIII, XIX y XX. La interrelación o superposición de diversos factores re-sultaría determinante en la persistencia de situaciones endémicas a lo ancho de las grandes cuencas hidrográficas al oeste e interior peninsular, así como en la fachada levantina, principalmente. No obstante, sería la actividad humana la que moduló, en última instancia, fluctuaciones locales en esta distribución, creando o modificando las condiciones idóneas para la aparición del paludismo. La malaria epidémica también se caracterizaría por emerger de una interrelación de partes en un sistema complejo, y en ella destacó el papel de fenómenos atmosféricos extremos. [EN] Nowadays paludism, also known as malaria, is not an active disease in most of high-rent countries, while the majority of newly reported cases are located in the African continent. Malaria was present in Spain until 1964, when its eradication was confirmed in our country. The aim of this study is to investigate paludism in Spain through XVIIIth, XIXth and XXth centuries, from a holistic, geo-graphical perspective. In most of our selected time lapse, persistent endemic situations spread along the main western hydrographic basins of the Peninsula, and also affected the Mediterranean coastal provinces: such distribution was determined by several interrelating factors. However, it was human activity that utterly shaped the local configuration of paludism, creating or transforming environmental conditions related to the development of endemic or epidemic situations. Epidemic malaria was also a product of interactions taking place in a complex system, and extreme atmospheric phenomena may have played an important role in it.</subfield>
   </datafield>
   <datafield ind1="8" ind2=" " tag="024">
      <subfield code="a">Asclepio.2023;75(2):e27.</subfield>
   </datafield>
   <datafield ind1="8" ind2=" " tag="024">
      <subfield code="a">0210-4466</subfield>
   </datafield>
   <datafield ind1="8" ind2=" " tag="024">
      <subfield code="a">http://hdl.handle.net/20.500.12105/17246</subfield>
   </datafield>
   <datafield ind1="8" ind2=" " tag="024">
      <subfield code="a">10.3989/asclepio.2023.27</subfield>
   </datafield>
   <datafield ind1="8" ind2=" " tag="024">
      <subfield code="a">1988-3102</subfield>
   </datafield>
   <datafield ind1="8" ind2=" " tag="024">
      <subfield code="a">Asclepio</subfield>
   </datafield>
   <datafield tag="653" ind2=" " ind1=" ">
      <subfield code="a">Malaria</subfield>
   </datafield>
   <datafield tag="653" ind2=" " ind1=" ">
      <subfield code="a">Geografía</subfield>
   </datafield>
   <datafield tag="653" ind2=" " ind1=" ">
      <subfield code="a">Historia</subfield>
   </datafield>
   <datafield tag="653" ind2=" " ind1=" ">
      <subfield code="a">España</subfield>
   </datafield>
   <datafield tag="653" ind2=" " ind1=" ">
      <subfield code="a">Anopheles</subfield>
   </datafield>
   <datafield tag="653" ind2=" " ind1=" ">
      <subfield code="a">Geography</subfield>
   </datafield>
   <datafield tag="653" ind2=" " ind1=" ">
      <subfield code="a">History</subfield>
   </datafield>
   <datafield tag="653" ind2=" " ind1=" ">
      <subfield code="a">Spain</subfield>
   </datafield>
   <datafield ind2="0" ind1="0" tag="245">
      <subfield code="a">Determinantes espaciales de la malaria en España del siglo XVIII al XX</subfield>
   </datafield>
</record></metadata></record></GetRecord></OAI-PMH>